La derrota del estatismo (Registro nro. 29002)
[ vista simple ]
| 000 -LEADER | |
|---|---|
| fixed length control field | 00352 a2200109 4500 |
| 001 - CONTROL NUMBER | |
| control field | ART_26055 |
| 005 - DATE AND TIME OF LATEST TRANSACTION | |
| control field | 20260410161935.0 |
| 008 - FIXED-LENGTH DATA ELEMENTS--GENERAL INFORMATION | |
| fixed length control field | 260409a |
| 100 1# - MAIN ENTRY--PERSONAL NAME | |
| Personal name | Benegas Lynch, Alberto |
| 245 10 - TITLE STATEMENT | |
| Title | La derrota del estatismo |
| 773 0# - HOST ITEM ENTRY | |
| Title | Anales de la Academia Nacional de Ciencias Económicas |
| Related parts | - Vol. XXV, (1980) (ene. 1980) |
| Record control number | REV25596 |
No hay ítems disponibles.